Регионална библиотека "Любен Каравелов" - Русе

Опит за историята на град Сливен (Запис номер 342828)

MARC детайли
000 -Лидер
Контролно поле с фиксирана дължина 01673nam a2200325 c 4500
003 - Код на организацията, давaща контролен номер
Контролно поле BLK
005 - Дата и час на последна редакция
Контролно поле 20190924085535.0
008 - Елементи от данни с фиксирана дължина
fixed length control field 180911b bul|||||r ||||||| ||bul||
010 ## - Наследен системен номер
LC control number 002488
040 ## - Източник на каталожния запис
Идентификатор на билиотеката - собственик на записа BLK
041 ## - Код за език
Код за езика на текст/звукозапис или на отделно заглавие Български
Код за езика КДБФ Български
080 ## - УДК
УДК - код + определител 908(497.235.1)
100 1# - Редна дума - Автор
Автор ТАБАКОВ, Симеон
Авторска отговорност първи автор
R(LIN) 396626
245 00 - Сведения за заглавието
Заглавие Опит за историята на град Сливен
Том Т. 1Т. 2Т. 3
246 ## - Различни форми на заглавието
Паралелно заглавие Т. 1-3
Текст за показване История-хореографияЧ. 1 : Икономически развой ; Ч. 2 : Народен бит
260 ## - Област на издателските данни
Място на издаване, разпространение и проч. София
Име на издателя, разпространителя и проч. К-т историята на гр.Сливен
Година на издаване 1911 - 1929
Печатница С. М. Стайков
Дата на отпечатване 19111924София : Сливенска култ. дружба Д-р Селимски, 1929
300 ## - Физическа характеристика
Страници XXIII, 620 с605 с. : с портр352 с. : с ил., 1 л. : ил
Размери/Мащаб 23 см
380 ## - Жанр
Жанр Общ отдел
490 ## - СЕРИИ (Колекции)
Име на серия Частна колекция - Академик Михаил Арнаудов
Бележки за серията Дарение - Основен фонд
501 ## - Забележка „подвързано към”
Забележка: Подвързано към... Т. 1, 2, 3 подв. заедно.
505 ## - Форматирана забележка
Заглавие История-хореографияЧ. 1 : Икономически развой
505 ## - Форматирана забележка
Заглавие Ч. 2 : Народен бит
520 ## - Забележка за наличие на резюме, анотация и т.н
Анотация, рецензия, сканиран текст Михаил Арнаудов: подпис
520 ## - Забележка за наличие на резюме, анотация и т.н
Анотация, рецензия, сканиран текст Михаил Арнаудов: негови-книганегови-книга
520 ## - Забележка за наличие на резюме, анотация и т.н
Анотация, рецензия, сканиран текст Подчертавания в текста : Т. 1, с. 175; Т. 2, с. 95-100; Т. 3, с. 52-63, 121-129Бележки по текста : Т. 2.
655 ## - Ключова дума – жанр/разновидност
Данни за жанр/разновидност или ключова дума за фокус българско краезнание
700 1# - Други автори (авторска отговорност)
Лично име С. Табаков
9 (RLIN) 396627
852 ## - Местоположение
Форматна сигнатура МА 124
Фондова буква Фонд "Михаил Арнаудов"
999 ## - СИСТЕМНИ КОНТРОЛНИ НОМЕРА
Koha biblionumber 342828
Koha biblioitemnumber 342828
942 ## - АРТИКУЛИ
Вид на библиотечния материал Книги
Скрит в OPAC Не
Периодичен библиозапис Да
944 ## - СЪЗДАВАНЕ И РЕДАКЦИЯ на ЗАПИСА
Създаване/Редакция Създаване
Дата на регистрацията/редакция 1995
Служител, извършил регистрацията/редакцията ValK
999 ## - СИСТЕМНИ КОНТРОЛНИ НОМЕРА
Koha biblioitemnumber 342828
Наличности
Код за отписване Код за изгубен артикул Източник на класификационната схема Код за повреда Коз за рестрикции Код за отдаване Артикулен № Име на библиотеката - собственик Име на библиотеката, в която се намира в момента Статус (Текущо местоположение) Местоположение - отдел Цена в лева Номерация (Хронология) Инвентарен номер Систематично азбучна сигнатура Баркод Номер на екземпляра Цена в евро Служебен тип на артикула Бележка за публиката
  Не е изгубен Universal Decimal Classification Не е повреден без рестрикции Специални фондове ( старопечатни, редки и ценни, фонд М. Арнаудов) 742968 Регионална библиотека "Любен Каравелов" Русе Регионална библиотека "Любен Каравелов" Русе Фонд "Михаил Арнаудов" Фонд "Михаил Арнаудов" 2.40   319948 МА 124 120000319948 1 1.23 Книги ; Подчертавания в текста : Т. 1, с. 175; Т. 2, с. 95-100; Т. 3, с. 52-63, 121-129Бележки по текста : Т. 2.; ; подпис;
Vip Innovations Ltd, Rousse, Bulgaria 2025